Bài tập mẫu về di truyền học
Bài tập và lời giải về cơ sở phân tử của di truyền, cơ sở tế bào học của di truyền, các định luật di truyền Mendel, phân tích thống kê của sự phân li, và một số đồ dùng để kiểm tra và thi (kèm theo lời giải)
সংরক্ষণ করুন:
| প্রধান লেখক: | |
|---|---|
| বিন্যাস: | গ্রন্থ |
| ভাষা: | Vietnamese |
| প্রকাশিত: |
H.
Giáo dục
1982
|
| মালা: | Sách đại học sư phạm
|
| বিষয়গুলি: | |
| ট্যাগগুলো: |
ট্যাগ যুক্ত করুন
কোনো ট্যাগ নেই, প্রথমজন হিসাবে ট্যাগ করুন!
|
| Thư viện lưu trữ: | Mạng thư viện Đại học Đà Nẵng |
|---|
| LEADER | 01392nam a22003618a 4500 | ||
|---|---|---|---|
| 001 | 000008918 | ||
| 003 | 5112 | ||
| 005 | 20111021161051.0 | ||
| 008 | 111021s1982 b 000 0 vieod | ||
| 020 | |c 7000đ |d 4000b | ||
| 041 | 0 | |a vie | |
| 082 | |a 576.571 |b LÊ_T | ||
| 084 | |a E |b B103T | ||
| 100 | 1 | |a Lê Văn Trực | |
| 245 | 1 | 0 | |a Bài tập mẫu về di truyền học |c Lê Văn Trực |
| 260 | |a H. |b Giáo dục |c 1982 | ||
| 300 | |a 136 tr. |c 26 cm. | ||
| 490 | |a Sách đại học sư phạm | ||
| 520 | |a Bài tập và lời giải về cơ sở phân tử của di truyền, cơ sở tế bào học của di truyền, các định luật di truyền Mendel, phân tích thống kê của sự phân li, và một số đồ dùng để kiểm tra và thi (kèm theo lời giải) | ||
| 653 | |a Di truyền | ||
| 653 | |a Giáo trình | ||
| 653 | |a Bài tập | ||
| 910 | |a Huỳnh Thị Cẩm Lai |d 21/10/2011 | ||
| OWN | |a LSP | ||
| AVA | |a UDN50 |b LSP |d 576.571 LÊ_T |e unavailable |t Error 5002 Not defined in file expand_doc_bib_avail. |f 1 |g 1 |h N |i 0 |k 1 | ||
| 999 | |a From the UDN01 | ||
| AVA | |a UDN50 |b LSP |d 576.571 LÊ_T |e unavailable |t Error 5002 Not defined in file expand_doc_bib_avail. |f 1 |g 1 |h N |i 0 |k 1 | ||
| TYP | |a Monograph | ||
| TYP | |a Printed language | ||
| 980 | |a Mạng thư viện Đại học Đà Nẵng | ||